01500cam a22003495i 4500999001700000001000900017003000900026005001700035008004100052020004300093020004000136035002400176040007400200082002200274245022400296264004100520264001000561300007900571336002600650337002800676338002700704490003100731504005100762650003600813650002200849653002100871655002400892700003900916700003900955942001200994952014401006 c28445d2841615781147EG-ScBUE20200806132735.0090618t20102010flua f b 001 0 eng d a9781420062564 (hardcover : alk. paper) a1420062565 (hardcover : alk. paper) a(OCoLC)ocn154683856 aDLCbengerdacDLCdBTCTAdBAKERdYDXCPdUKMdC#PdCDXdDLCdEG-ScBUE04a660.2995bADV22200aAdvances in Fischer-Tropsch synthesis, catalysts, and catalysis /c[editors], Burtron H. Davis, Center for Applied Energy Research, Lexington, Kentucky, U.S.A., Mario L. Occelli, MLO Consulting, Atlanta, Georgia, U.S.A. 1aBoca Raton, FL :bCRC Press,c[2010] 4cc2010 axx, 403 pages, [2] pages of plates :billustrations (some color) ;c24 cm. atextbtxt2rdacontent aunmediatedbn2rdamedia avolumebnc2rdacarrier0 aChemical industries ;v128 aIncludes bibliographical references and index. 7aFischer-Tropsch process.2BUEsh 7aCatalysts.2BUEsh bENGCHEcJuly2020 vReading book9342321 aDavis, Burtron H.,d1934-eeditor.1 aOccelli, Mario L.,d1942-eeditor. 2ddccBB 00102ddc40708BaccahaMAINbMAINc1STd2020-07-05ePurchasel1o660.2995 ADVp000049308r2025-07-15 00:00:00s2021-02-02w2020-07-05yBB